000 00548nam a22001817a 4500
005 20231101142440.0
008 231101b |||||||| |||| 00| 0 eng d
020 _a0702104752
041 _aEnglish
082 _a346.7 FAI
100 _aFairbairn, WJ
_lEnglish
245 _aHandbook for Trustees and Liquidators /
_cWJ Fairbairn
250 _aThird Edition
260 _aCape Town :
_bJuta and Company Ltd,
_c1973
300 _bxi, 394 pages ;
_c26 cm.
650 _aLegal practice
_bLaw
942 _cBK
_6ALISON_BN_VRIES
999 _c231
_d231